Faculty of Law Library — Cairo University

Official Online Catalog

Dictionary Of The International Law Of Armed Conflict / (Record no. 68533)

MARC details
000 -LEADER
fixed length control field 01155nam a2200337 i 4500
003 - CONTROL NUMBER IDENTIFIER
control field EG-GICUC
005 - DATE AND TIME OF LATEST TRANSACTION
control field 20260403094405.0
008 - FIXED-LENGTH DATA ELEMENTS--GENERAL INFORMATION
fixed length control field 260403s1992 sz ||||fr|||| 00| 0 eng d
020 ## - INTERNATIONAL STANDARD BOOK NUMBER
International Standard Book Number 2881450393
040 ## - CATALOGING SOURCE
Original cataloging agency EG-GiCUC
Language of cataloging eng
Transcribing agency EG-GiCUC
Modifying agency EG-GiCUC
Description conventions Rda
041 ## - LANGUAGE CODE
Language code of text/sound track or separate title eng
Language code of original fre
082 04 - DEWEY DECIMAL CLASSIFICATION NUMBER
Edition number 21
Classification number 341.69
Item number VE . D
092 04 - LOCALLY ASSIGNED DEWEY CALL NUMBER (OCLC)
Edition number 21
099 ## - LOCAL FREE-TEXT CALL NUMBER (OCLC)
Classification number Law1 11 341.69 VE . D 1992
100 1# - MAIN ENTRY--PERSONAL NAME
Personal name Verri,Pietro
Relator term Author.
245 ## - TITLE STATEMENT
Title Dictionary Of The International Law Of Armed Conflict /
Statement of responsibility, etc. Pietro Verri .
246 1# - VARYING FORM OF TITLE
Title proper/short title Dizionario Di Diritto Internazionale Dei Conflitti Armati
264 #1 - PRODUCTION, PUBLICATION, DISTRIBUTION, MANUFACTURE, AND COPYRIGHT NOTICE
Place of production, publication, distribution, manufacture Geneve :
Name of producer, publisher, distributor, manufacturer International Committee Of The Red Cross ,
Date of production, publication, distribution, manufacture, or copyright notice 1992 .
300 ## - PHYSICAL DESCRIPTION
Extent 145 page ;
Dimensions 24 cm.
336 ## - CONTENT TYPE
Source rda contenu
Content type term texte
337 ## - MEDIA TYPE
Source rda medias
Media type term Ordinateur
338 ## - CARRIER TYPE
Source transporteur rda
Carrier type term Ressource en ligne
546 ## - LANGUAGE NOTE
Language note Text in English, Translated from French
650 ## - SUBJECT ADDED ENTRY--TOPICAL TERM
Topical term or geographic name entry element Public International Law
650 ## - SUBJECT ADDED ENTRY--TOPICAL TERM
Topical term or geographic name entry element War Crimes -- International law
700 ## - ADDED ENTRY--PERSONAL NAME
Personal name Markee,Edward
Relator term Translator.
700 ## - ADDED ENTRY--PERSONAL NAME
Personal name Mutti,Susan
Relator term Translator.
856 40 - ELECTRONIC LOCATION AND ACCESS
Uniform Resource Identifier <a href="https://fll.law.cu.edu.eg/fulltext/bks/B11-06041.pdf">https://fll.law.cu.edu.eg/fulltext/bks/B11-06041.pdf</a>
905 ## - Cataloger and Reviser Names
Cataloger Name: Logain Ashraf
942 ## - ADDED ENTRY ELEMENTS (KOHA)
Source of classification or shelving scheme Dewey Decimal Classification
Suppress in OPAC No
Koha item type Books
Edition 21
Holdings
Withdrawn status Lost status Source of classification or shelving scheme Damaged status Not for loan Collection Home library Current library Date acquired Total checkouts Full call number Barcode Date last seen Copy number Price effective from Koha item type
    Dewey Decimal Classification   Not for loan القانون الدولي العام جــــامعة القــاهرة مكتبة كلية الحقوق - المبنى الرئيسي 03.04.2026   Law1 11 341.69 VE . D 1992 1106041 C1 B11-06041 03.04.2026 1 03.04.2026 Books

© All rights reserved — Faculty of Law, Cairo University